Ultimate Super and Hypercar quiz - Statistics

General Stats
  • This quiz has been taken 585 times
  • The average score is 47 of 100
Answer Stats
Picture Answer % Correct
Lamborghini Veneno
83%
Bugatti Chiron
81%
Audi R8
78%
Ferrari Laferrari
78%
Lamborghini Huracan
75%
Bugatti Veyron
74%
Mclaren P1
72%
Mclaren 720s
71%
Porsche 911 GT3RS
71%
Koenigsegg Agera
70%
Mclaren Senna
70%
Mercedes AMG One
67%
Koenigsegg Jesko Absolut
66%
BMW I8
65%
Lamborghini Revuelto
65%
Koenigsegg Regera
62%
Lamborghini Sesto Elemento
62%
Pagani Huayra
62%
Ford GT
61%
Lamborghini Gallardo
61%
Rimac Nevera
61%
Lexus LFA
60%
Aston Martin Valkyrie
59%
Lamborghini Sian
59%
Pagani Utopia
59%
Bugatti Divo
58%
Mclaren Speedtail
58%
Lamborghini Aventador SVJ
57%
Maserati MC20
57%
Porsche 918 Spyder
57%
Koenigsegg Gemera
56%
Maserati MC12
56%
Pagani Zonda R
56%
Ferrari 458
55%
Ferrari 812 Superfast
55%
Lamborghini Countach
55%
Porsche 911 GT2RS
54%
Porsche Carrera GT
54%
Ferrari 488 Pista
52%
Ferrari Daytona SP3
52%
Lamborghini Huracan STO
52%
Mclaren 765LT
52%
Aston Martin Valhalla
50%
Koenigsegg Agera RS
50%
Mclaren 570s
50%
Bugatti Centodieci
49%
Bugatti La Voiture Noire
49%
Ferrari Roma
49%
Koenigsegg Jesko Attack
49%
Koenigsegg One-1
46%
Apollo Intensa Emozione
45%
Ferrari F8 Tributo
44%
Porsche 911 Turbo S
44%
Bugatti Veyron Super Sport
43%
Ferrari F12 TDF
43%
Mercedes AMG SL
43%
Chevrolet Corvette C8
42%
Ferrari 812 Competizione
41%
Lamborghini Huracan Sterrato
41%
Lamborghini Reventon
41%
Pagani Huayra BC
41%
Ferrari 296 GTB
40%
Ferrari FF
40%
Bugatti EB110 Super Sport
39%
Lamborghini Aventador J
39%
Pagani Huayra R
39%
Bugatti Chiron Super Sport 300+
38%
Ferrari Monza SP2
38%
Hennessey Venom F5
38%
Lamborghini Murcielago SV
38%
Rimac Concept One
38%
SSC Tuatara
38%
Mclaren Sabre
37%
Mercedes AMG GT Black Series
37%
Mercedes AMG SLS
37%
Mercedes SLR Mclaren
37%
Alpine A110
36%
Ferrari F430
36%
Hennessey Venom GT
36%
Lamborghini Huracan Tecnica
35%
Mclaren Solus GT
35%
Pagani Zonda Cinque
35%
Ferrari SF90XX Stradale
34%
Ferrari GTC4 Lusso
33%
Zenvo TSRS
33%
Koenigsegg CCXR Trevita
29%
Rimac Concept Two
28%
Lamborghini SC20
26%
Zenvo ST1
26%
Mercedes AMG GTS
25%
Noble M600
25%
SSC Ultimate Aero
25%
Mercedes AMG SLS Black Series
24%
Pagani Huayra Codalunga
23%
Bugatti Chiron Profilée
21%
Bugatti Chiron Pure Sport
18%
Apollo Intensa Emozione Evo
17%
Ascari KZ1R
16%
Mosler MT900S
15%
Lamborghini Centonario
11%
No matching quizzes found
Score Distribution
Percent of People with Each Score
Percentile by Number Answered
Your Score History
You have not taken this quiz